000 00745cam a22002533a 4500
001 5120
003 PGUSA
005 20140828083114.0
008 040201s2004||||xxu|||||s|||||000 1 eng d
040 _aPGUSA
_beng
042 _adc
050 4 _aPZ
050 4 _aPR
100 1 _aClouston, J. Storer
_q(Joseph Storer),
_d1870-1944
245 1 0 _aVandrad the Viking; Or, The Feud and the Spell
_h[electronic resource] /
_cJ. Storer Clouston
260 _bProject Gutenberg,
_c2004
506 _aPublic domain in the USA.
516 _aElectronic text
653 _aNorway -- Juvenile fiction
653 _aVikings -- Juvenile fiction
830 0 _aProject Gutenberg
_v5120
856 4 0 _uhttp://www.gutenberg.org/ebooks/5120
942 _cEB
999 _c234449
_d234449